| 000 | 00000nas 2200000za 4500 |
| 001 | 9.843251 |
| 003 | CaOODSP |
| 005 | 20250403105953 |
| 007 | cr ||||||||||| |
| 008 | 150406d19871995oncar p oss f0 b0fre|d |
| 022 | |y0847-0359|y0706-3083 |
| 040 | |aCaOODSP|bfre |
| 041 | |aeng|afre |
| 043 | |an-cn--- |
| 086 | 1 |aCS13-213P-PDF |
| 245 | 00|aProvincial economic accounts, annual estimates |h[ressource électronique] / |cStatistics Canada, Income and Expenditure Accounts Division = Comptes économiques provinciaux, estimations annuelles / Statistique Canada, Division des comptes des revenus et dépenses. |
| 246 | 11|aComptes économiques provinciaux, estimations annuelles |
| 260 | |aOttawa : |bStatistics Canada = Statistique Canada, |c1989-1996? |
| 310 | |aAnnuel |
| 362 | 0 |a1976/1987-1995. |
| 500 | |aÉdition numérisée de l’imprimé [par Statistique Canada]. |
| 546 | |aTexte en anglais et en français. |
| 692 | 07|2gccst|aConditions économiques |
| 710 | 2 |aStatistique Canada. |
| 791 | |tProvincial economic accounts, annual estimates |eeng|w(CaOODSP)9.843249 |